00386nam a2200121 a 450000500170000000800410001702000160005805000240007424500600009826000530015830000090021165000440022020140412111432.0131010s19uu xx 00 eng d a97807120542 aREF 030bNew42 2008 aNew book of knowledge (The):breading and study guides. aDanbury, Connecticut :bScholastic, Inc,cc2008. ap274 aEncyclopedia-xreading and study guides